| 000 | 00417nam a2200157Ia 4500 | ||
|---|---|---|---|
| 003 | GCL | ||
| 008 | 140319s9999 xx 000 0 eng d | ||
| 040 |
_aGCL / _cGCL |
||
| 082 | 0 | 4 |
_a658.5 _bM M |
| 100 | 1 | _aMEXEDITH, JACK | |
| 245 | 1 | 0 |
_aThe Management of Operations / _cMEXEDITH, JACK |
| 260 |
_a[S.N] : _bJOHN WILEY AND SONS. INC ، _c1992 |
||
| 300 | _a772 | ||
| 650 | 0 | 4 | _aPRODUCTION MANAGEMENT |
| 942 |
_2ddc _cBK |
||
| 999 |
_c16358 _d16358 |
||